000 00562nam a2200181 4500
001 148308
003 ES-MaACL
005 20250427062958.0
007 t|
008 070214s1916 ag r ||||1| spa d
100 1 _aStorni, Alfonsina,
_d1892-1938
_9108334
245 1 3 _aLa inquietud del rosal /
_cAlfonsina Storni ; prólogo de Juan Julián Lastra.
260 _aBuenos Aires :
_bM. Calvelio,
_c[1916]
300 _a126 p. ;
_c19 x 14 cm.
700 1 _aLastra, Juan Julián.
_970498
852 _aES-MaACL
_jD-2931
999 _c148308
_d148308